Biblioteca y Centro de Documentación

Energy in international trade law (Registro nro. 52865)

Detalles MARC
000 -CABECERA
Longitud fija campo de control 02261nam a2200421 c 4500
001 - NÚMERO DE CONTROL
Número de control 52865
003 - IDENTIFICADOR DE NÚMERO DE CONTROL
Identificador del número de control ES-MaCES
005 - FECHA Y HORA DE LA ÚLTIMA TRANSACCIÓN
Fecha y hora de la última transacción 20250203133332.0
008 - CAMPO FIJO DE DESCRIPCIÓN FIJA--INFORMACIÓN GENERAL
Códigos de información de longitud fija   230831s2023 uk | 000 ||eng d
020 ## - ISBN (INTERNATIONAL STANDARD BOOK NUMBER)
Número Internacional Normalizado para Libros (ISBN) 9781108445917 (paperback)
040 ## - FUENTE DE CATALOGACIÓN
Centro catalogador de origen ES-MaCES
Lengua de catalogación spa
Centro transcriptor ES-MaCES
100 1# - ENCABEZAMIENTO PRINCIPAL--NOMBRE PERSONAL
9 (RLIN) 40760
Nombre de persona Marhold, Anna-Alexandra
245 10 - MENCIÓN DE TÍTULO
Título Energy in international trade law
Resto del título : concepts, regulation and changing markets
Mención de responsabilidad, etc. Anna-Alexandra Marhold
250 ## - MENCIÓN DE EDICIÓN
Mención de edición 1st paperback ed
260 ## - PUBLICACIÓN, DISTRIBUCIÓN, ETC (PIE DE IMPRENTA)
Lugar de publicación, distribución, etc. Cambridge [etc.]
Nombre del editor, distribuidor, etc. Cambridge University Press
Fecha de publicación, distribución, etc. 2023
300 ## - DESCRIPCIÓN FÍSICA
Extensión XXXVII, 316 p.
Dimensiones 23 cm
490 1# - MENCIÓN DE SERIE
Mención de serie Cambridge international trade and economic law
500 ## - NOTA GENERAL
Nota general Índices
504 ## - NOTA DE BIBLIOGRAFÍA, ETC.
Nota de bibliografía, etc. Bibliografía: p. 284-303
520 3# - RESUMEN, ETC.
Sumario, etc, En el contexto de los mercados energéticos que han cambiado radicalmente en las últimas décadas, este libro ofrece un estudio en profundidad de la regulación energética en el derecho comercial internacional. El autor busca aclarar lo que definimos como "energía" en el contexto de las reglas comerciales internacionales aplicables y brinda al lector un análisis exhaustivo de los conceptos, la historia y el derecho de los diversos marcos legales que sustentan el comercio internacional de energía. Además, varios estudios de caso abordan la búsqueda actual de seguridad energética y muestran cómo las reglas existentes se relacionan con algunos de los vastos desafíos que enfrentan los mercados energéticos hoy en día, en particular la descentralización y descarbonización de los mercados energéticos.
541 ## - NOTA DE LA FUENTE INMEDIANTE DE ADQUISICIÓN
Forma de adquisición Compra
650 #4 - ASIENTO SECUNDARIO DE MATERIA--TÉRMINO DE MATERIA
Término de materia o nombre geográfico como elemento inicial energía
9 (RLIN) 27749
650 #4 - ASIENTO SECUNDARIO DE MATERIA--TÉRMINO DE MATERIA
Término de materia o nombre geográfico como elemento inicial recursos energéticos
9 (RLIN) 28720
650 #4 - ASIENTO SECUNDARIO DE MATERIA--TÉRMINO DE MATERIA
Término de materia o nombre geográfico como elemento inicial comercio internacional
9 (RLIN) 27958
650 #4 - ASIENTO SECUNDARIO DE MATERIA--TÉRMINO DE MATERIA
Término de materia o nombre geográfico como elemento inicial política de comercio internacional
9 (RLIN) 27989
650 #4 - ASIENTO SECUNDARIO DE MATERIA--TÉRMINO DE MATERIA
Término de materia o nombre geográfico como elemento inicial política energética
9 (RLIN) 29399
650 #4 - ASIENTO SECUNDARIO DE MATERIA--TÉRMINO DE MATERIA
Término de materia o nombre geográfico como elemento inicial energía renovable
9 (RLIN) 30979
650 #4 - ASIENTO SECUNDARIO DE MATERIA--TÉRMINO DE MATERIA
Término de materia o nombre geográfico como elemento inicial cambio climático
9 (RLIN) 30961
650 #4 - ASIENTO SECUNDARIO DE MATERIA--TÉRMINO DE MATERIA
Término de materia o nombre geográfico como elemento inicial desarrollo sostenible
9 (RLIN) 30785
650 #4 - ASIENTO SECUNDARIO DE MATERIA--TÉRMINO DE MATERIA
Término de materia o nombre geográfico como elemento inicial reforma legislativa
9 (RLIN) 29892
650 #4 - ASIENTO SECUNDARIO DE MATERIA--TÉRMINO DE MATERIA
Término de materia o nombre geográfico como elemento inicial derecho internacional
9 (RLIN) 26684
650 #4 - ASIENTO SECUNDARIO DE MATERIA--TÉRMINO DE MATERIA
Término de materia o nombre geográfico como elemento inicial régimen jurídico
9 (RLIN) 29894
653 10 - TÉRMINO DE INDEXACIÓN--NO CONTROLADO
Término no controlado Industria-Energía
710 2# - ENCABEZAMIENTO SECUNDARIO--NOMBRE CORPORATIVO
9 (RLIN) 1710
Nombre de entidad o nombre de jurisdicción como elemento inicial Cambridge University
Término indicativo de función ed.
830 #0 - ENCABEZAMIENTO SECUNDARIO DE COLECCIÓN--TÍTULO UNIFORME
9 (RLIN) 40761
Título uniforme Cambridge international trade and economic law
902 ## - CES. TIPO DE DOCUMENTO
Tipodoc (006$c Sirtex) LIB Libro
942 ## - ELEMENTOS KOHA
Fuente de clasificaión o esquema Clasificación propia del CES
Koha [por defecto] tipo de item Monografías
Parte de clasificación Políticas Sectoriales
Existencias
Número de registro Signatura completa Tipo de item de Koha
093081 SG-5.2.-341 Monografías
© CES, Consejo Económico y Social de España 2021